000 00357 a2200133 4500
005 20250313104205.0
020 _a0-07-099473-0
082 _a658.84 MAG
100 _aMAGEE, J. F.
245 _aPhysical-Distribution Systems
260 _aNew Delhi
_bMcGraw-hill
_c1967
300 _aix, 189p., ill., figure, table
_bIndex, bibliography
_c20cm
942 _2ddc
_cBKS
999 _c532
_d532